000 00260nam a22001217a 4500
008 181020b xxu||||| |||| 00| 0 eng d
041 _aeng
080 _a941
100 _a17
101 _aHIS
245 _aThe South since 1865
_cEzell, J.S
942 _2udc
_cBK
999 _c50331
_d50331